Daily dress at Deir el-Medina : words for clothing /
Main Author:
Format: Book
Language: English
Published:
London :
Golden House Publications,
2008.
Series:
GHP Egyptology ;
8.
Egyptology ;
8.
Subjects:
Tags: Add Tag
Call Number: DT59 .E88 v.8
| LEADER | 01062namaa2200325 4500 | ||
|---|---|---|---|
| 001 | 13466 | ||
| 003 | OSt | ||
| 005 | 20260517095226.0 | ||
| 008 | 130303s2008 enka b 000 0 eng d | ||
| 010 | |a 2008411798 | ||
| 020 | |a 9781906137052 | ||
| 020 | |a 1906137056 | ||
| 040 | |c ARCE Library | ||
| 043 | |a f-ua--- | ||
| 050 | 4 | |a DT59 .E88 v.8 | |
| 100 | 1 | |a Janssen, Jac. J., |e author | |
| 245 | 1 | 0 | |a Daily dress at Deir el-Medina : |b words for clothing / |c Jac. J. Janssen. |
| 264 | 1 | |a London : |b Golden House Publications, |c 2008. | |
| 300 | |a vi, 112 pages : |b illustrations ; |c 21 cm. | ||
| 490 | 0 | |a GHP Egyptology ; |v 8. | |
| 490 | 0 | |a Egyptology ; |v 8. | |
| 504 | |a Includes bibliographical references. | ||
| 650 | 0 | |a Clothing and dress |z Egypt |x History |y To 1500. | |
| 650 | 0 | |a Clothing and dress |z Egypt |x Terminology. | |
| 650 | 0 | |a Egyptian language |x Lexicology. | |
| 651 | 0 | |a Deir el-Medina Site (Egypt) |x Social life and customs. | |
| 651 | 0 | |a Egypt |x History |y New Kingdom, ca. 1550-ca. 1070 B.C. | |
| 901 | |a reviewed | ||
| 942 | |c BK |2 lcc | ||
| 999 | |c 14543 |d 14543 | ||
